Planificación del recurso hídrico en América Latina y el Caribe (Registro nro. 8106)
[ vista simple ]
| 000 -Líder | |
|---|---|
| fixed length control field | 00732nam a22002297a 4500 |
| 005 - Fecha y hora de la última transacción | |
| Campo de control | 20160627195902.0 |
| 008 - Elementos de longitud fija--Información general | |
| Campo de control de longitud fija | 160506b xxu||||| |||| 00| 0 spa d |
| 022 ## - Número Internacional de Publicaciones Seriadas | |
| Número Internacional de Publicaciones Seriadas (ISSN) | 03793982 |
| 082 ## - Clasificación Decimal Dewey | |
| Número de clasificación | Tecnología en Marcha Vol 26, N° 1 2013 |
| 100 ## - Entrada principal--Autor personal | |
| Autor personal | Guzmán-Arias, Isabel |
| 100 ## - Entrada principal--Autor personal | |
| Autor personal | Calvo-Alvarado, Julio |
| 245 ## - Título propiamente dicho | |
| Título | Planificación del recurso hídrico en América Latina y el Caribe |
| 260 ## - PUBLICACIÓN, DISTRIBUCIÓN, ETC. | |
| Lugar de publicación | Costa Rica |
| Editorial | Editorial Tecnológica de Costa Rica |
| Año de publicación | 2013 |
| 300 ## - Descripción física | |
| Extensión | páginas 3-18 |
| 440 ## - Declaración de serie/asiento adicional--título | |
| Título de la serie | Tecnología en Marcha |
| 650 ## - Materia general | |
| Temática (materia general) | PLANIFICACIÓN |
| 650 ## - Materia general | |
| Temática (materia general) | GESTIÓN |
| 650 ## - Materia general | |
| Temática (materia general) | RECURSO HÍDRICO |
| 650 ## - Materia general | |
| Temática (materia general) | AMÉRICA LATINA |
| 650 ## - Materia general | |
| Temática (materia general) | AGUA |
| 942 ## - Punto de acceso adicional KOHA | |
| Punto de acceso adicional KOHA | Revista |
No hay ítems disponibles.